| Tag |
First Indicator |
Second Indicator |
Subfields |
| LEADER |
00000cgm a22000003a 4500 |
| 001 |
in00003747821 |
| 006 |
m|||||o||c|||||||| |
| 007 |
cr |n||||||||a |
| 007 |
vz |za|z| |
| 008 |
150209s2013 nyu013 e |o vleng d |
| 005 |
20260324202845.6 |
| 035 |
|
|
|a (OCoLC)904559168
|
| 035 |
|
|
|a ASP2767364/cbsv
|
| 040 |
|
|
|a VaAlASP
|c VaAlASP
|d UtOrBLW
|
| 043 |
|
|
|a e-sp---
|
| 050 |
|
4 |
|a QL84.5.N47
|b M568 2013
|
| 245 |
0 |
0 |
|a 60 minutes.
|p God's architect /
|c produced by Max McClellan and Reuben Heyman-Kantor.
|
| 246 |
1 |
0 |
|a God's architect
|
| 246 |
1 |
3 |
|a Sixty minutes.
|p God's architect
|
| 264 |
|
1 |
|a New York, NY :
|b Columbia Broadcasting System,
|c 2013.
|
| 300 |
|
|
|a 1 online resource (13 min.)
|
| 306 |
|
|
|a 001326
|
| 336 |
|
|
|a two-dimensional moving image
|b tdi
|2 rdacontent
|
| 337 |
|
|
|a computer
|b c
|2 rdamedia
|
| 337 |
|
|
|a video
|b v
|2 rdamedia
|
| 338 |
|
|
|a online resource
|b cr
|2 rdacarrier
|
| 338 |
|
|
|a other
|b vz
|2 rdacarrier
|
| 500 |
|
|
|a Title from resource description page (viewed Feb. 9, 2015).
|
| 520 |
|
|
|a March 7, 2013 - Perhaps the world's most beautiful and unique church, the Sagrada Familia in Barcelona, has been under construction for more than 130 years, since genius architect Antoni Gaudi started working on it in 1883. Long after his death, builders are using modern technology to realize the master architect's vision. Lara Logan reports.
|
| 546 |
|
|
|a In English.
|
| 500 |
|
|
|a Electronic resource.
|
| 610 |
2 |
0 |
|a Sagrada Família (Church : Barcelona, Spain)
|0 http://id.loc.gov/authorities/names/n79129598
|
| 650 |
|
0 |
|a Church buildings
|x Design and construction
|z Spain
|z Barcelona.
|
| 651 |
|
7 |
|a United States.
|0 (OCoLC)1204155
|2 fast
|
| 651 |
|
7 |
|a Nepal.
|0 (OCoLC)1206102
|2 fast
|
| 655 |
|
7 |
|a Internet videos.
|2 lcgft
|0 http://id.loc.gov/authorities/genreForms/gf2011026337
|
| 655 |
|
7 |
|a Television news programs.
|2 lcgft
|0 http://id.loc.gov/authorities/genreForms/gf2011026667
|
| 700 |
1 |
|
|a Heyman-Kantor, Reuben,
|e producer.
|
| 700 |
1 |
|
|a Logan, Lara,
|e reporter.
|
| 700 |
1 |
|
|a McClellan, Max,
|e producer.
|
| 710 |
2 |
|
|a CBS News,
|e production company.
|0 http://id.loc.gov/authorities/names/n82221065
|
| 856 |
4 |
0 |
|u http://proxy.library.tamu.edu/login?url=https://www.aspresolver.com/aspresolver.asp?CBSV;2767364
|z Connect to this streaming video (Alexander Street Press)
|t 0
|
| 999 |
f |
f |
|s e2cbb762-041d-361e-9e2d-ef48b94c8133
|i 2b2cdbf1-f174-358d-a45a-ccee931d02a7
|t 0
|
| 952 |
f |
f |
|a Texas A&M University
|b College Station
|c Electronic Resources
|s www_evans
|d Available Online
|t 0
|e QL84.5.N47 M568 2013
|h Library of Congress classification
|
| 998 |
f |
f |
|a QL84.5.N47 M568 2013
|t 0
|l Available Online
|